000 00323nam a2200121Ia 4500
008 240731s9999 xx 000 0 und d
022 _a2573-9646
245 0 _aJournal of Contemporary Central and Eastern Europe
260 _bRoutledge
856 _uhttps://www.tandfonline.com/loi/cdeb20
942 _2ddc
942 _cTFEJ
999 _c77575
_d77575
945 _a1
_bMadushi Gamage
_c1
_dMadushi Gamage